Švédsko a Fínsko

Stručný pohľad na históriu Švédska a Fínska. Zaujímavosti z kultúrnych, obchodných a povahových zvyklostí obyvateľov Finska a Švédska.

Saved in:
Bibliographic Details
Main Author: Poucha, Tomáš
Format: Book Chapter
Language:Czech
Subjects:
Tags: Add Tag
No Tags, Be the first to tag this record!

MARC

LEADER 00000naa a2200000 4500
001 r045262
005 20231004100153.4
041 0 |a cze 
044 |a CZ 
245 1 0 |a Švédsko a Fínsko  |c Tomáš Poucha 
520 |a Stručný pohľad na históriu Švédska a Fínska. Zaujímavosti z kultúrnych, obchodných a povahových zvyklostí obyvateľov Finska a Švédska. 
610 2 0 |a zvyklosti obchodné 
610 2 0 |a Švédsko 
610 2 0 |a Fínsko 
610 2 0 |a zvyklosti kultúrne 
610 2 0 |a história 
610 2 0 |a etika 
610 2 0 |a úroveň životná 
100 1 |a Poucha, Tomáš